00553nam a2200145Ia 4500008004100000100001200041245014900053245002300202260000900225300000600234650001300240856006200253999001900315952007300334170221s9999 xx 000 0 und d aYi Dong 4aThe Impact of NASD Rule 2711 and NYSE Rule 472 on Analyst Behavior: The Strategic Timing of Recommendations Issued on Weekends (pages 950–975) cYi Dong and Nan Hu c2015 a: xBusiness uhttp://onlinelibrary.wiley.com/doi/10.1111/jbfa.12211/pdf c313613d313613 001040aCLbCLd2017-02-21l0r2017-02-21 00:00:00w2017-02-21yFOJ